| 000 | 00958nam a2200313 a 4500 | ||
|---|---|---|---|
| 001 | 000107720 | ||
| 003 | CHAP | ||
| 005 | 20220329143941.0 | ||
| 008 | 131023s2011 mx a |r| |||1|||spa d | ||
| 010 | _a104182 | ||
| 011 | _a105154 | ||
| 020 | _a9786070227042 | ||
| 040 | _cCHAP | ||
| 082 | 0 | 4 |
_a631.4772 _bG34 |
| 245 | 0 | 0 |
_aGeografía de suelos de México / _ceditado por Pavel Krasilnikov ...[et al.]. |
| 260 |
_aMéxico, D.F. : _bUNAM. Facultad de Ciencias, _c2011. |
||
| 300 |
_axiv, 462 p. _e+ 1 CD (4 3/4 plg.) |
||
| 490 | 1 | _aLas prensas de ciencias | |
| 590 |
_aE6096MTM _b10 _c20131023 _lUCH01 _h1418 |
||
| 590 |
_aE6096MTM _b10 _c20131024 _lUCH01 _h1034 |
||
| 650 | 1 | 4 |
_aSuelos _xAnálisis. _9110204 |
| 650 | 1 | 4 |
_aSuelos _xClasificación _xMéxico. _9110254 |
| 650 | 1 | 4 |
_aSuelos _xGeografía. _9110381 |
| 700 | 1 |
_aKrasilnikov, Pavel _eed. _9124447 |
|
| 830 | 4 |
_aLas prensas de ciencias _965007 |
|
| 901 | _aBK | ||
| 942 | _cLIBRO | ||
| 942 | _n0 | ||
| 999 |
_c104182 _d104182 |
||